000
00321nam a2200133Ia 4500
008
210312s9999||||xx |||||||||||||| ||und||
041
_a
osm
050
_a
PK6481
050
_b
M8.T83
100
_a
Abidin Paşa
245
0
_a
Tercüme ve şerh-i Mesnevî-i şerif
260
_c
1305
650
_a
Din--İslam dini--Tasavvuf
999
_c
22165
_d
22165